The complete poems of Emily Dickinson / (Record no. 1056)

MARC details
000 -LEADER
fixed length control field 01036nam a22003378a 4500
003 - CONTROL NUMBER IDENTIFIER
control field data
005 - DATE AND TIME OF LATEST TRANSACTION
control field 20260322212045.0
008 - FIXED-LENGTH DATA ELEMENTS--GENERAL INFORMATION
fixed length control field data
010 ## - LIBRARY OF CONGRESS CONTROL NUMBER
LC control number 60011646
020 ## - INTERNATIONAL STANDARD BOOK NUMBER
International Standard Book Number 0316184144
020 ## - INTERNATIONAL STANDARD BOOK NUMBER
International Standard Book Number 0316184136(pbk.)
020 ## - INTERNATIONAL STANDARD BOOK NUMBER
International Standard Book Number 9780316184144
040 ## - CATALOGING SOURCE
Original cataloging agency DLC
Transcribing agency DLC
Modifying agency JQA
043 ## - GEOGRAPHIC AREA CODE
Geographic area code n-us---
049 ## - LOCAL HOLDINGS (OCLC)
Holding library JQAA
092 ## - LOCALLY ASSIGNED DEWEY CALL NUMBER (OCLC)
Classification number 811.4 A1 1960
001 - CONTROL NUMBER
control field data
240 10 - UNIFORM TITLE
Uniform title Poems.
245 04 - TITLE STATEMENT
Title The complete poems of Emily Dickinson /
Statement of responsibility, etc. edited by Emily Dickinson & Thomas Herbert Johnson.
246 30 - VARYING FORM OF TITLE
Title proper/short title Emily Dickinson.
250 ## - EDITION STATEMENT
Edition statement [1st ed.]
260 ## - PUBLICATION, DISTRIBUTION, ETC.
Place of publication, distribution, etc. Boston :
Name of publisher, distributor, etc. Little, Brown,
Date of publication, distribution, etc. c1960.
300 ## - PHYSICAL DESCRIPTION
Extent xiii, 770 p. ;
Dimensions 24 cm.
500 ## - GENERAL NOTE
General note "The only one-volume edition containing all 1,775 of Emily Dickinson's poems."--Dust jacket.
504 ## - BIBLIOGRAPHY, ETC. NOTE
Bibliography, etc. note Includes bibliographical references (p. 719-720) and indexes.
650 #0 - SUBJECT ADDED ENTRY--TOPICAL TERM
Topical term or geographic name entry element American poetry
Chronological subdivision 19th century.
650 #0 - SUBJECT ADDED ENTRY--TOPICAL TERM
Topical term or geographic name entry element Children's poetry, American
Chronological subdivision 19th century.
650 #0 - SUBJECT ADDED ENTRY--TOPICAL TERM
Topical term or geographic name entry element Poetry.
700 1# - ADDED ENTRY--PERSONAL NAME
Personal name Dickinson, Emily,
Dates associated with a name 1830-1886.
700 1# - ADDED ENTRY--PERSONAL NAME
Personal name Johnson, Thomas Herbert.
Holdings
Withdrawn status Lost status Damaged status Not for loan Home library Current library Shelving location Date acquired Total checkouts Full call number Barcode Date last seen Price effective from Koha item type
        Fairview Fairview General stacks 22/03/2026   GEN BC0011090 22/03/2026 22/03/2026 Books